<?xml version="1.0" encoding="UTF-8"?><?xml-stylesheet type="text/xsl" href="static/style.xsl"?><OAI-PMH xmlns="http://www.openarchives.org/OAI/2.0/" xmlns:xsi="http://www.w3.org/2001/XMLSchema-instance" xsi:schemaLocation="http://www.openarchives.org/OAI/2.0/ http://www.openarchives.org/OAI/2.0/OAI-PMH.xsd"><responseDate>2026-06-01T04:35:35Z</responseDate><request verb="GetRecord" identifier="oai:riuma.uma.es:10630/17505" metadataPrefix="marc">https://riuma.uma.es/rest/oai/request</request><GetRecord><record><header><identifier>oai:riuma.uma.es:10630/17505</identifier><datestamp>2026-02-03T12:29:57Z</datestamp><setSpec>com_10630_2254</setSpec><setSpec>col_10630_37959</setSpec></header><metadata><record xmlns="http://www.loc.gov/MARC21/slim" xmlns:dcterms="http://purl.org/dc/terms/" xmlns:doc="http://www.lyncode.com/xoai" xmlns:xsi="http://www.w3.org/2001/XMLSchema-instance" xsi:schemaLocation="http://www.loc.gov/MARC21/slim http://www.loc.gov/standards/marcxml/schema/MARC21slim.xsd">
   <leader>00925njm 22002777a 4500</leader>
   <datafield ind2=" " ind1=" " tag="042">
      <subfield code="a">dc</subfield>
   </datafield>
   <datafield ind2=" " ind1=" " tag="720">
      <subfield code="a">Ríos Corbacho, José Manuel</subfield>
      <subfield code="e">author</subfield>
   </datafield>
   <datafield ind2=" " ind1=" " tag="260">
      <subfield code="c">2019-04-09</subfield>
   </datafield>
   <datafield ind2=" " ind1=" " tag="520">
      <subfield code="a">A lo largo de la historia el deporte ha estado implicado en comportamientos violentos bien sea por diversión o competitividad. La parte lúdica del deporte lo convierte en un espectáculo en el que ganar o perder representa el triunfo o el fracaso de todas las personas que apoyan a un equipo o a un deportista en concreto.&#xd;
Si bien es cierto que el Derecho penal dispone de articulado regulador en el ámbito del Derecho deportivo, hay que recordar que es el Derecho administrativo el que más  sanciones impone en esta materia. Aun así, no podemos obviar que existen numerosos comportamientos sancionables desde el Derecho penal que quedan en “tierra de nadie” por cometerse en un lugar en el que ya existen reglas propias como pueda ser un campo de fútbol o un ring de boxeo. &#xd;
El fútbol es el deporte de equipo que resuena cuando estamos interesados en conocer un fenómeno social y deportivo, por todo lo que conlleva a nivel político y económico. Más allá de nuestras fronteras, en Argentina o Perú, la vivencia del fútbol no vive despegada de la búsqueda de beneficios, tal y como ocurre en nuestro país. Los amaños no son tan excepcionales como se piensa, como tampoco lo es el dopaje u otras actividades delictivas vinculadas al fútbol como el blanqueo de capitales o el tráfico de drogas.</subfield>
   </datafield>
   <datafield ind1="8" ind2=" " tag="024">
      <subfield code="a">https://hdl.handle.net/10630/17505</subfield>
   </datafield>
   <datafield tag="653" ind2=" " ind1=" ">
      <subfield code="a">Violencia</subfield>
   </datafield>
   <datafield tag="653" ind2=" " ind1=" ">
      <subfield code="a">Deporte</subfield>
   </datafield>
   <datafield ind2="0" ind1="0" tag="245">
      <subfield code="a">Lineamientos de la violencia integral y del amaño en el deporte</subfield>
   </datafield>
</record>
</metadata></record></GetRecord></OAI-PMH>